000 00322 a2200133 4500
001 153818
040 _cEscola São Tomás de Aquino
100 _aMACHADO, Ana Maria
240 1 0 _aUm dragão no piquenique
_lpor
245 1 0 _aUm dragão no piquenique
362 0 _a1985
697 _a*LITERATURA INFANTIL
942 _cBK
999 _c153818
_d153818